<?xml version="1.0" encoding="UTF-8"?>
<record
    xmlns:xsi="http://www.w3.org/2001/XMLSchema-instance"
    xsi:schemaLocation="http://www.loc.gov/MARC21/slim http://www.loc.gov/standards/marcxml/schema/MARC21slim.xsd"
    xmlns="http://www.loc.gov/MARC21/slim">

  <leader>00579nam a22001217a 4500</leader>
  <datafield tag="040" ind1=" " ind2=" ">
    <subfield code="c">RUA</subfield>
  </datafield>
  <datafield tag="082" ind1=" " ind2=" ">
    <subfield code="a">LMA LON 2024 B701 Or.1</subfield>
  </datafield>
  <datafield tag="100" ind1=" " ind2=" ">
    <subfield code="a">LONG BUNLA, &#x17A1;&#x17BB;&#x1784; &#x1794;&#x17CA;&#x17BB;&#x1793;&#x17A1;&#x17B6;</subfield>
  </datafield>
  <datafield tag="245" ind1=" " ind2=" ">
    <subfield code="a">Study On Land Market Trend In Rolous Commune, Svay Chek District, Banteay Mean Chey Province,&#x179F;&#x17B7;&#x1780;&#x17D2;&#x179F;&#x17B6;&#x1780;&#x17B6;&#x179A;&#x1794;&#x17D2;&#x179A;&#x17C2;&#x1794;&#x17D2;&#x179A;&#x17BD;&#x179B;&#x1791;&#x17B8;&#x1795;&#x17D2;&#x179F;&#x17B6;&#x179A;&#x178A;&#x17B8;&#x1792;&#x17D2;&#x179B;&#x17B8; &#x1783;&#x17BB;&#x17C6;&#x179A;&#x179B;&#x17BD;&#x179F; &#x179F;&#x17D2;&#x179A;&#x17BB;&#x1780;&#x179F;&#x17D2;&#x179C;&#x17B6;&#x1799;&#x1785;&#x17C1;&#x1780; &#x1781;&#x17C1;&#x178F;&#x17D2;&#x178F;&#x1794;&#x1793;&#x17D2;&#x1791;&#x17B6;&#x1799;&#x1798;&#x17B6;&#x1793;&#x1787;&#x17D0;&#x1799;</subfield>
  </datafield>
  <datafield tag="260" ind1=" " ind2=" ">
    <subfield code="a">PHNOM PENH</subfield>
    <subfield code="b">RUA</subfield>
    <subfield code="c">2024 </subfield>
  </datafield>
  <datafield tag="300" ind1=" " ind2=" ">
    <subfield code="a">x,</subfield>
    <subfield code="b">ill,</subfield>
    <subfield code="c">29cm,</subfield>
  </datafield>
  <datafield tag="942" ind1=" " ind2=" ">
    <subfield code="c">LMA</subfield>
  </datafield>
  <datafield tag="999" ind1=" " ind2=" ">
    <subfield code="c">25327</subfield>
    <subfield code="d">25327</subfield>
  </datafield>
  <datafield tag="952" ind1=" " ind2=" ">
    <subfield code="0">0</subfield>
    <subfield code="1">0</subfield>
    <subfield code="4">0</subfield>
    <subfield code="6">LMA_LON_2024_000000000000000_B701_OR_1</subfield>
    <subfield code="7">0</subfield>
    <subfield code="9">105511</subfield>
    <subfield code="a">LBB</subfield>
    <subfield code="b">LBB</subfield>
    <subfield code="c">B701</subfield>
    <subfield code="d">2025-06-23</subfield>
    <subfield code="o">LMA LON 2024 B701 Or.1</subfield>
    <subfield code="p">A083931</subfield>
    <subfield code="r">2025-06-23</subfield>
    <subfield code="y">LMA</subfield>
  </datafield>
  <datafield tag="952" ind1=" " ind2=" ">
    <subfield code="0">0</subfield>
    <subfield code="1">0</subfield>
    <subfield code="4">0</subfield>
    <subfield code="6">LMA_LON_2024_000000000000000_B701_OR_2</subfield>
    <subfield code="7">0</subfield>
    <subfield code="9">105512</subfield>
    <subfield code="a">LBB</subfield>
    <subfield code="b">LBB</subfield>
    <subfield code="c">B701</subfield>
    <subfield code="d">2025-06-23</subfield>
    <subfield code="o">LMA LON 2024 B701 Or.2</subfield>
    <subfield code="p">A084537</subfield>
    <subfield code="r">2025-06-23</subfield>
    <subfield code="y">LMA</subfield>
  </datafield>
</record>
